01561nam a2200385 a 4500001001200000003000800012006001900020007001500039008004100054010001700095020001500112040002100127035002100148050002500169082001700194245013900211260003800350300002600388490003000414504005100444533015200495650004300647650006400690650003800754650002800792650003900820650002900859655002900888700004000917700002700957710001700984830003101001856012601032999001701158ebr10060495CaPaEBRm u cr cn|||||||||970501s1997 nyua sb 001 0 eng  z 97020368  z0306455323 aCaPaEBRcCaPaEBR a(OCoLC)23158188714aHQ76.25b.S65 1997eb04a306.76/622100aSociolegal control of homosexualityh[electronic resource] :ba multi-nation comparison /cedited by Donald J. West and Richard Green. aNew York :bPlenum Press,cc1997. axviii, 354 p. :bill.1 aPerspectives in sexuality aIncludes bibliographical references and index. aElectronic reproduction.bPalo Alto, Calif. :cebrary,d2013.nAvailable via World Wide Web.nAccess may be limited to ebrary affiliated libraries. 0aHomosexualityvCross-cultural studies. 0aHomosexualityxLaw and legislationvCross-cultural studies. 0aGay menxLegal status, laws, etc. 0aGay menxMental health. 0aLesbiansxLegal status, laws, etc. 0aLesbiansxMental health. 7aElectronic books.2local1 aWest, D. J.q(Donald James),d1924-1 aGreen, Richard,d1936-2 aebrary, Inc. 0aPerspectives in sexuality.40uhttp://site.ebrary.com/lib/rucke/Doc?id=10060495zAn electronic book accessible through the World Wide Web; click to view c46013d46013